| 000 | 01474cam a22003977a 4500 | ||
|---|---|---|---|
| 003 | CHAP | ||
| 005 | 20220329141852.0 | ||
| 008 | 980317d1967 mx a r 00110 spa d | ||
| 010 | _a75024 | ||
| 011 | _a75996 | ||
| 035 | _a85570 | ||
| 040 | _cCHAP | ||
| 090 | _aTesis | ||
| 100 | 0 | 0 |
_aSolana Ocariz, Fernando. _9108329 |
| 245 | 1 | 0 |
_aRendimiento de forraje verde y de heno de 5 variedades de trigo (Triticum vulgare L.), y 4 variedades de avena (Avena sativa L.), en tres fechas de siembra en Apodaca, N.L. _c/por Fernando Solana Ocariz |
| 260 |
_aMonterrey, N. L. : _bEl autor, _c1967. |
||
| 300 |
_a83 h. : _bilus. ; gráfs. |
||
| 502 | _aTesis (Ing. Agr. Fitotecnista) -- ITESM. Escuela de Agricultura y Ganaderia | ||
| 590 |
_aALEPH _b10 _c20130110 _lUCH01 _h1422 |
||
| 590 |
_aBATCH-UPD _b10 _c20130110 _lUCH01 _h1947 |
||
| 590 |
_aBATCH-UPD _b10 _c20130410 _lUCH01 _h1309 |
||
| 590 |
_aBATCH-UPD _b10 _c20130914 _lUCH01 _h0434 |
||
| 590 |
_aBATCH-UPD _b10 _c20130914 _lUCH01 _h2054 |
||
| 590 |
_aCONVERSION _b10 _c20130109 _lUCH01 _h1341 |
||
| 650 | 1 | 4 |
_aAvena como forraje. _98556 |
| 650 | 1 | 4 |
_aAvena _xFechas de siembra. _98520 |
| 650 | 1 | 4 |
_aAvena _xNuevo León. _98536 |
| 650 | 1 | 4 |
_aHeno como forraje. _953622 |
| 650 | 1 | 4 |
_aTrigo como forraje. _9115135 |
| 650 | 1 | 4 |
_aTrigo _xFechas de siembra. _9115025 |
| 650 | 1 | 4 |
_aTrigo _xNuevo León. _9115069 |
| 901 | _aBK | ||
| 905 | _aMayto Villalobos S. | ||
| 942 | _cTESIS | ||
| 949 |
_bBC _cTES _d855701 _eTS1 _h32241 _i85570 _sb |
||
| 999 |
_c75024 _d75024 |
||